[Event "GM/IM 2015 Chess House"]
[Site "?"]
[Date "2015.02.11"]
[Round "6.1"]
[White "Donchenko, Alexander"]
[Black "Teplyi, Igor"]
[Result "1-0"]
[LiveChessVersion "1.4.2"]
[BlackElo "2389"]
[WhiteElo "2552"]

1. d4 {[%clk 1:30:57]} Nf6 {[%clk 1:30:53]} 2. c4 {[%clk 1:29:09]} g6
{[%clk 1:31:15]} 3. Nc3 {[%clk 1:27:24]} d5 {[%clk 1:31:37]} 4. Qb3
{[%clk 1:27:13]} dxc4 {[%clk 1:31:27]} 5. Qxc4 {[%clk 1:27:38]} Bg7
{[%clk 1:31:49]} 6. e4 {[%clk 1:27:51]} O-O {[%clk 1:31:38]} 7. Be2
{[%clk 1:27:55]} Nc6 {[%clk 1:27:12]} 8. Nf3 {[%clk 1:27:22]} Bg4
{[%clk 1:26:35]} 9. d5 {[%clk 1:25:22]} Na5 {[%clk 1:26:54]} 10. Qb4
{[%clk 1:25:43]} Bxf3 {[%clk 1:26:28]} 11. Bxf3 {[%clk 1:26:06]} c6
{[%clk 1:26:26]} 12. O-O {[%clk 1:26:11]} Qb6 {[%clk 1:25:34]} 13. Qa4
{[%clk 1:26:29]} Nd7 {[%clk 1:24:18]} 14. Rd1 {[%clk 1:26:47]} Rfd8
{[%clk 1:21:55]} 15. g3 {[%clk 1:26:47]} Rac8 {[%clk 1:06:16]} 16. Bg4
{[%clk 1:26:59]} Nc5 {[%clk 0:51:18]} 17. Qc2 {[%clk 1:27:03]} Ra8
{[%clk 0:50:23]} 18. Rb1 {[%clk 1:17:03]} Qb4 {[%clk 0:42:38]} 19. Bd2
{[%clk 1:05:09]} Nc4 {[%clk 0:40:50]} 20. Be1 {[%clk 0:59:26]} Nd6
{[%clk 0:12:55]} 21. dxc6 {[%clk 0:49:57]} bxc6 {[%clk 0:13:18]} 22. Nd5
{[%clk 0:50:02]} Qb7 {[%clk 0:13:36]} 23. Qxc5 {[%clk 0:48:47]} cxd5
{[%clk 0:13:58]} 24. exd5 {[%clk 0:48:14]} f5 {[%clk 0:13:15]} 25. Be2
{[%clk 0:43:54]} Qb6 {[%clk 0:10:57]} 26. Qa3 {[%clk 0:40:17]} Rdc8
{[%clk 0:10:21]} 27. Ba5 {[%clk 0:26:33]} Qc5 {[%clk 0:10:43]} 28. Qxc5
{[%clk 0:25:54]} Rxc5 {[%clk 0:11:06]} 29. Bb4 {[%clk 0:26:19]} Rc2
{[%clk 0:10:02]} 30. Rd2 {[%clk 0:21:16]} Rac8 {[%clk 0:08:29]} 31. Bd3
{[%clk 0:13:20]} Rxd2 {[%clk 0:08:42]} 32. Bxd2 {[%clk 0:13:47]} Rc5
{[%clk 0:08:09]} 33. Be3 {[%clk 0:13:58]} Ra5 {[%clk 0:07:07]} 34. a3
{[%clk 0:13:46]} Kf8 {[%clk 0:06:35]} 35. Bf1 {[%clk 0:10:44]} Ne4
{[%clk 0:04:48]} 36. f3 {[%clk 0:08:19]} Nf6 {[%clk 0:03:47]} 37. Bc4
{[%clk 0:07:19]} Nxd5 {[%clk 0:03:13]} 38. Bxd5 {[%clk 0:06:26]} Rxd5
{[%clk 0:03:37]} 39. Bxa7 {[%clk 0:06:52]} Rd3 {[%clk 0:02:20]} 40. a4
{[%clk 0:06:30]} Rb3 {[%clk 0:01:41]} 41. a5 {[%clk 0:05:56]} Bxb2
{[%clk 0:30:26]} 42. Bf2 {[%clk 0:34:24]} Ra3 {[%clk 0:30:03]} 43. Rxb2
{[%clk 0:34:46]} Rxa5 {[%clk 0:30:28]} 44. Bd4 {[%clk 0:33:06]} Rd5
{[%clk 0:28:11]} 45. Rd2 {[%clk 0:33:07]} Kf7 {[%clk 0:28:18]} 46. Kf2
{[%clk 0:33:20]} h5 {[%clk 0:27:59]} 47. f4 {[%clk 0:31:55]} Rd7 {[%clk 0:24:53]}
48. Kg2 {[%clk 0:31:57]} Rd5 {[%clk 0:25:16]} 49. Kh3 {[%clk 0:32:08]} Rd6
{[%clk 0:23:48]} 50. Kh4 {[%clk 0:32:03]} Rd5 {[%clk 0:23:45]} 51. Kg5
{[%clk 0:32:17]} Rd6 {[%clk 0:24:09]} 52. Bc3 {[%clk 0:32:33]} Rc6
{[%clk 0:24:28]} 53. Rd3 {[%clk 0:32:34]} Re6 {[%clk 0:24:11]} 54. Rd7
{[%clk 0:32:13]} Rb6 {[%clk 0:23:03]} 55. Rc7 {[%clk 0:32:33]} 1-0

[Event "GM/IM 2015 Chess House"]
[Site "?"]
[Date "2015.02.11"]
[Round "6.2"]
[White "Carlstedt, Jonathan"]
[Black "Kasparov, Sergey"]
[Result "1/2-1/2"]
[LiveChessVersion "1.4.2"]
[BlackElo "2477"]
[WhiteElo "2444"]

1. e4 {[%clk 1:30:58]} d5 {[%clk 1:30:49]} 2. exd5 {[%clk 1:30:59]} Qxd5
{[%clk 1:31:14]} 3. Nc3 {[%clk 1:31:21]} Qd6 {[%clk 1:31:39]} 4. d4
{[%clk 1:31:45]} Nf6 {[%clk 1:32:04]} 5. Nf3 {[%clk 1:32:08]} c6 {[%clk 1:32:20]}
6. Ne5 {[%clk 1:31:55]} Nbd7 {[%clk 1:32:40]} 7. Nc4 {[%clk 1:32:15]} Qc7
{[%clk 1:33:06]} 8. Qf3 {[%clk 1:32:29]} Nb6 {[%clk 1:33:27]} 9. Bf4
{[%clk 1:32:52]} Qd7 {[%clk 1:33:27]} 10. Nxb6 {[%clk 1:32:25]} axb6
{[%clk 1:33:55]} 11. O-O-O {[%clk 1:32:35]} e6 {[%clk 1:34:07]} 12. Be5
{[%clk 1:32:43]} Nd5 {[%clk 1:34:00]} 13. Bc4 {[%clk 1:33:01]} f6
{[%clk 1:34:03]} 14. Bg3 {[%clk 1:33:24]} Bb4 {[%clk 1:34:15]} 15. Nxd5
{[%clk 1:33:33]} exd5 {[%clk 1:34:34]} 16. Bd3 {[%clk 1:33:52]} O-O
{[%clk 1:33:59]} 17. a3 {[%clk 1:34:13]} Bd6 {[%clk 1:33:05]} 18. Qh5
{[%clk 1:31:36]} f5 {[%clk 1:32:28]} 19. Rde1 {[%clk 1:23:00]} g6
{[%clk 1:28:40]} 20. Qh6 {[%clk 1:19:57]} f4 {[%clk 1:25:00]} 21. Bh4
{[%clk 1:17:21]} Qf7 {[%clk 1:20:51]} 22. Bg5 {[%clk 1:13:37]} Bd7
{[%clk 1:14:33]} 23. h4 {[%clk 1:08:35]} Rae8 {[%clk 1:03:20]} 24. Rxe8
{[%clk 1:08:02]} Qxe8 {[%clk 1:01:19]} 25. h5 {[%clk 1:04:52]} Bf5
{[%clk 1:01:22]} 26. hxg6 {[%clk 0:59:21]} Qxg6 {[%clk 1:00:56]} 27. Qxg6+
{[%clk 0:56:18]} hxg6 {[%clk 0:58:35]} 28. Kd2 {[%clk 0:56:31]} Bxd3
{[%clk 0:55:18]} 29. Kxd3 {[%clk 0:56:39]} Rf5 {[%clk 0:55:38]} 30. Bd8
{[%clk 0:56:08]} b5 {[%clk 0:53:56]} 31. Ke2 {[%clk 0:51:16]} Rf8
{[%clk 0:49:56]} 32. Ba5 {[%clk 0:50:59]} Re8+ {[%clk 0:48:22]} 33. Kf3
{[%clk 0:51:21]} Re4 {[%clk 0:48:41]} 34. Bc3 {[%clk 0:39:35]} Kg7
{[%clk 0:40:05]} 35. Re1 {[%clk 0:38:36]} Rxe1 {[%clk 0:40:17]} 36. Bxe1
{[%clk 0:39:02]} Kf6 {[%clk 0:37:07]} 37. Kg4 {[%clk 0:39:17]} g5
{[%clk 0:32:13]} 38. f3 {[%clk 0:36:22]} Be7 {[%clk 0:29:51]} 39. Kh5
{[%clk 0:33:26]} Kf5 {[%clk 0:28:46]} 40. Bb4 {[%clk 0:32:58]} Bf6
{[%clk 0:28:26]} 41. c3 {[%clk 0:33:13]} Bd8 {[%clk 0:27:55]} 42. Bd6
{[%clk 0:31:46]} Ke6 {[%clk 0:26:21]} 43. Bc5 {[%clk 0:30:55]} Kf5
{[%clk 0:25:40]} 44. Bb4 {[%clk 0:31:08]} Bf6 {[%clk 0:25:35]} 45. Ba5
{[%clk 0:31:19]} Be7 {[%clk 0:24:03]} 46. Bc7 {[%clk 0:31:38]} Bf6
{[%clk 0:22:59]} 47. Kh6 {[%clk 0:31:50]} g4 {[%clk 0:21:42]} 48. Bd6
{[%clk 0:25:40]} gxf3 {[%clk 0:21:08]} 49. gxf3 {[%clk 0:25:52]} Bh4
{[%clk 0:21:07]} 50. Kg7 {[%clk 0:23:09]} Be1 {[%clk 0:20:43]} 51. Kf7
{[%clk 0:23:05]} Bd2 {[%clk 0:20:56]} 52. Ke7 {[%clk 0:22:42]} Bc1
{[%clk 0:20:16]} 53. b3 {[%clk 0:19:27]} Bd2 {[%clk 0:19:20]} 54. Bb4
{[%clk 0:18:12]} Kg5 {[%clk 0:18:27]} 55. Kd6 {[%clk 0:15:22]} Kh4
{[%clk 0:17:08]} 56. Kc7 {[%clk 0:15:44]} Kg3 {[%clk 0:17:19]} 57. Kxb7
{[%clk 0:15:57]} Kxf3 {[%clk 0:17:38]} 58. a4 {[%clk 0:16:03]} bxa4
{[%clk 0:17:27]} 59. bxa4 {[%clk 0:16:27]} Ke4 {[%clk 0:17:25]} 60. a5
{[%clk 0:16:44]} f3 {[%clk 0:17:34]} 61. a6 {[%clk 0:16:58]} f2 {[%clk 0:18:01]}
62. a7 {[%clk 0:17:13]} f1=Q {[%clk 0:18:22]} 63. a8=Q {[%clk 0:17:34]} Qb5+
{[%clk 0:18:21]} 64. Kc7 {[%clk 0:17:39]} Bf4+ {[%clk 0:02:48]} 65. Bd6
{[%clk 0:16:22]} c5 {[%clk 0:02:26]} 66. Bxf4 {[%clk 0:15:20]} cxd4
{[%clk 0:02:00]} 67. cxd4 {[%clk 0:12:26]} Kxf4 {[%clk 0:00:42]} 68. Qc6
{[%clk 0:10:46]} Qc4 {[%clk 0:30:25]} 69. Kd6 {[%clk 0:42:04]} Ke4
{[%clk 0:29:22]} 70. Qe8+ 1/2-1/2

[Event "GM/IM 2015 Chess House"]
[Site "?"]
[Date "2015.02.11"]
[Round "6.3"]
[White "Grabarczyk, Miroslaw"]
[Black "Trent, Lawrence"]
[Result "1-0"]
[LiveChessVersion "1.4.2"]
[BlackElo "2470"]
[WhiteElo "2430"]

1. d4 {[%clk 1:30:48]} Nf6 {[%clk 1:30:10]} 2. c4 {[%clk 1:31:03]} g6
{[%clk 1:30:34]} 3. Nf3 {[%clk 1:31:10]} Bg7 {[%clk 1:31:00]} 4. g3
{[%clk 1:31:26]} O-O {[%clk 1:31:14]} 5. Bg2 {[%clk 1:31:47]} d6 {[%clk 1:31:39]}
6. Nc3 {[%clk 1:31:59]} Nc6 {[%clk 1:31:00]} 7. O-O {[%clk 1:32:00]} a6
{[%clk 1:31:25]} 8. Bf4 {[%clk 1:29:21]} Rb8 {[%clk 1:30:57]} 9. Rc1
{[%clk 1:28:58]} h6 {[%clk 1:31:16]} 10. d5 {[%clk 1:25:47]} e5 {[%clk 1:31:24]}
11. dxe6 {[%clk 1:25:51]} Bxe6 {[%clk 1:31:48]} 12. b3 {[%clk 1:23:45]} Re8
{[%clk 1:31:20]} 13. Qd2 {[%clk 1:19:09]} g5 {[%clk 1:05:42]} 14. Be3
{[%clk 1:18:54]} Ng4 {[%clk 1:06:07]} 15. Bd4 {[%clk 1:18:24]} Nge5
{[%clk 1:06:29]} 16. Be3 {[%clk 1:16:49]} Ng4 {[%clk 1:00:13]} 17. Bd4
{[%clk 1:17:05]} Nxd4 {[%clk 0:44:47]} 18. Nxd4 {[%clk 1:17:23]} Bd7
{[%clk 0:45:15]} 19. h3 {[%clk 1:05:44]} Nf6 {[%clk 0:45:24]} 20. Rfd1
{[%clk 1:03:44]} g4 {[%clk 0:33:44]} 21. hxg4 {[%clk 0:58:48]} Nxg4
{[%clk 0:32:17]} 22. Nd5 {[%clk 0:58:26]} h5 {[%clk 0:19:30]} 23. Nf3
{[%clk 0:57:54]} Bh6 {[%clk 0:17:20]} 24. e3 {[%clk 0:58:03]} Ne5
{[%clk 0:17:02]} 25. Nh4 {[%clk 0:34:34]} Bg4 {[%clk 0:07:54]} 26. f3
{[%clk 0:33:45]} Be6 {[%clk 0:06:41]} 27. Nf4 {[%clk 0:33:07]} Qg5
{[%clk 0:02:00]} 28. Qf2 {[%clk 0:31:25]} Bd7 {[%clk 0:01:20]} 29. c5
{[%clk 0:22:59]} Bf8 {[%clk 0:01:10]} 30. Nd5 {[%clk 0:19:02]} Qd8
{[%clk 0:00:59]} 31. cxd6 {[%clk 0:19:08]} Bxd6 {[%clk 0:01:21]} 32. e4
{[%clk 0:18:26]} b6 {[%clk 0:00:45]} 33. Qd2 {[%clk 0:16:11]} Kg7
{[%clk 0:00:36]} 34. Qc3 {[%clk 0:08:49]} f6 {[%clk 0:00:43]} 35. Ne3
{[%clk 0:08:57]} Kh7 {[%clk 0:00:38]} 36. Nef5 {[%clk 0:08:51]} Bc5+
{[%clk 0:00:57]} 37. Kh2 {[%clk 0:07:57]} a5 {[%clk 0:01:23]} 38. Bh3
{[%clk 0:08:04]} Rf8 {[%clk 0:00:36]} 39. Qd2 {[%clk 0:06:26]} Bxf5
{[%clk 0:01:00]} 40. Bxf5+ {[%clk 0:06:51]} Kg7 {[%clk 0:01:27]} 41. Qe2
{[%clk 0:07:11]} Bd6 {[%clk 0:19:25]} 42. f4 {[%clk 0:37:49]} Nf7
{[%clk 0:19:52]} 43. Qxh5 {[%clk 0:35:03]} Rh8 {[%clk 0:20:10]} 44. Qg4+
{[%clk 0:33:30]} Kf8 {[%clk 0:20:38]} 45. Kg2 {[%clk 0:32:35]} Rg8
{[%clk 0:19:49]} 46. Ng6+ {[%clk 0:31:15]} Ke8 {[%clk 0:19:59]} 47. Qh5 1-0

[Event "GM/IM 2015 Chess House"]
[Site "?"]
[Date "2015.02.11"]
[Round "6.4"]
[White "Svane, Rasmus"]
[Black "Hagen, Andreas"]
[Result "1-0"]
[LiveChessVersion "1.4.2"]
[BlackElo "2440"]
[WhiteElo "2512"]

1. Nf3 {[%clk 1:30:57]} d5 {[%clk 1:30:48]} 2. d4 {[%clk 1:31:18]} Nf6
{[%clk 1:31:13]} 3. c4 {[%clk 1:31:42]} e6 {[%clk 1:31:41]} 4. Nc3
{[%clk 1:32:00]} Be7 {[%clk 1:32:06]} 5. Bf4 {[%clk 1:32:18]} O-O
{[%clk 1:32:29]} 6. Rc1 {[%clk 1:32:44]} c5 {[%clk 1:31:41]} 7. dxc5
{[%clk 1:33:09]} Bxc5 {[%clk 1:24:44]} 8. e3 {[%clk 1:33:30]} Nc6
{[%clk 1:23:27]} 9. a3 {[%clk 1:31:50]} a6 {[%clk 1:09:44]} 10. b4
{[%clk 1:31:50]} Ba7 {[%clk 1:04:08]} 11. Bg5 {[%clk 1:32:19]} dxc4
{[%clk 1:03:21]} 12. Bxc4 {[%clk 1:32:29]} h6 {[%clk 1:03:05]} 13. Bh4
{[%clk 1:32:02]} b5 {[%clk 0:58:13]} 14. Bd3 {[%clk 1:30:00]} g5 {[%clk 0:51:18]}
15. Bg3 {[%clk 1:24:57]} Bb7 {[%clk 0:44:37]} 16. O-O {[%clk 1:22:41]} Bb8
{[%clk 0:39:52]} 17. Ne4 {[%clk 1:16:57]} Bxg3 {[%clk 0:36:49]} 18. hxg3
{[%clk 1:13:37]} Nxe4 {[%clk 0:34:10]} 19. Bxe4 {[%clk 1:14:06]} Rc8
{[%clk 0:33:31]} 20. Rc5 {[%clk 0:53:44]} Na5 {[%clk 0:31:06]} 21. Rxc8
{[%clk 0:49:42]} Qxc8 {[%clk 0:31:14]} 22. Bxb7 {[%clk 0:49:18]} Nxb7
{[%clk 0:31:30]} 23. Qd4 {[%clk 0:46:38]} Qd8 {[%clk 0:21:29]} 24. Qa7
{[%clk 0:43:17]} Qd5 {[%clk 0:21:49]} 25. Nd4 {[%clk 0:29:22]} Nd6
{[%clk 0:21:11]} 26. Rc1 {[%clk 0:26:12]} Ra8 {[%clk 0:13:47]} 27. Qe7
{[%clk 0:24:52]} Nc4 {[%clk 0:10:06]} 28. Qf6 {[%clk 0:23:00]} h5
{[%clk 0:09:38]} 29. Qh6 {[%clk 0:11:27]} g4 {[%clk 0:09:04]} 30. Ne2
{[%clk 0:10:01]} Qd2 {[%clk 0:06:26]} 31. Qg5+ {[%clk 0:10:30]} Kf8
{[%clk 0:06:35]} 32. Qc5+ {[%clk 0:09:26]} Kg8 {[%clk 0:06:14]} 33. Qg5+
{[%clk 0:09:50]} Kf8 {[%clk 0:06:39]} 34. Qxh5 {[%clk 0:08:40]} Rd8
{[%clk 0:02:22]} 35. Qxg4 {[%clk 0:09:08]} Ne5 {[%clk 0:00:47]} 36. Qg5
{[%clk 0:08:42]} Qd5 {[%clk 0:00:33]} 37. Qh6+ {[%clk 0:08:38]} Ke7
{[%clk 0:00:49]} 38. Nd4 {[%clk 0:06:50]} Nc4 {[%clk 0:00:52]} 39. Nf3
{[%clk 0:05:44]} Nxa3 {[%clk 0:00:42]} 40. Qh4+ {[%clk 0:04:24]} Kd7
{[%clk 0:00:37]} 41. Ne5+ {[%clk 0:04:01]} 1-0

[Event "GM/IM 2015 Chess House"]
[Site "?"]
[Date "2015.02.11"]
[Round "6.5"]
[White "Skytte, Rasmus"]
[Black "Kristiansen, Jens"]
[Result "1/2-1/2"]
[LiveChessVersion "1.4.2"]
[BlackElo "2411"]
[WhiteElo "2428"]

1. d4 {[%clk 1:29:03]} f5 {[%clk 1:30:44]} 2. c4 {[%clk 1:29:09]} Nf6
{[%clk 1:31:06]} 3. g3 {[%clk 1:29:07]} e6 {[%clk 1:31:21]} 4. Bg2
{[%clk 1:29:20]} c6 {[%clk 1:31:26]} 5. Nh3 {[%clk 1:28:44]} Bb4+
{[%clk 1:31:17]} 6. Bd2 {[%clk 1:28:10]} Bxd2+ {[%clk 1:30:07]} 7. Nxd2
{[%clk 1:27:35]} d6 {[%clk 1:30:16]} 8. O-O {[%clk 1:23:06]} e5 {[%clk 1:29:04]}
9. c5 {[%clk 1:16:05]} exd4 {[%clk 1:22:51]} 10. cxd6 {[%clk 1:15:23]} Qxd6
{[%clk 1:20:51]} 11. Nb3 {[%clk 1:14:28]} Na6 {[%clk 1:05:55]} 12. Nxd4
{[%clk 1:10:11]} O-O {[%clk 1:05:40]} 13. Qb3+ {[%clk 1:06:26]} Kh8
{[%clk 1:05:55]} 14. Rfd1 {[%clk 1:05:51]} Qe7 {[%clk 1:03:22]} 15. Nf4
{[%clk 1:04:24]} Nc7 {[%clk 0:51:47]} 16. e3 {[%clk 0:57:39]} Ne4
{[%clk 0:47:56]} 17. Rac1 {[%clk 0:54:30]} c5 {[%clk 0:39:05]} 18. Nb5
{[%clk 0:44:28]} Nxb5 {[%clk 0:36:34]} 19. Qxb5 {[%clk 0:43:49]} b6
{[%clk 0:36:34]} 20. a4 {[%clk 0:30:28]} Be6 {[%clk 0:32:29]} 21. a5
{[%clk 0:16:42]} Rab8 {[%clk 0:30:49]} 22. Qc6 {[%clk 0:15:40]} Bb3
{[%clk 0:28:20]} 23. Rd7 {[%clk 0:13:27]} Qe5 {[%clk 0:26:57]} 24. Nd3
{[%clk 0:09:33]} Qe8 {[%clk 0:23:43]} 25. Qc7 {[%clk 0:08:37]} Rc8
{[%clk 0:22:33]} 26. Qxa7 {[%clk 0:08:29]} Ra8 {[%clk 0:22:54]} 27. Qc7
{[%clk 0:07:45]} Rc8 {[%clk 0:23:05]} 28. Qa7 {[%clk 0:03:53]} Ra8
{[%clk 0:23:19]} 29. Qc7 {[%clk 0:03:47]} Rc8 {[%clk 0:23:43]} 30. Qa7
{[%clk 0:03:40]} Ra8 1/2-1/2

[Event "GM/IM 2015 Chess House"]
[Site "?"]
[Date "2015.02.11"]
[Round "6.6"]
[White "Meskovs, Nikita"]
[Black "Fries Nielsen, Jens Ove"]
[Result "1/2-1/2"]
[LiveChessVersion "1.4.2"]
[BlackElo "2433"]
[WhiteElo "2454"]

1. d4 {[%clk 1:30:10]} g6 {[%clk 1:27:04]} 2. g3 {[%clk 1:30:29]} Bg7
{[%clk 1:26:46]} 3. c4 {[%clk 1:29:44]} e6 {[%clk 1:26:54]} 4. Bg2
{[%clk 1:27:59]} Ne7 {[%clk 1:27:00]} 5. Nf3 {[%clk 1:25:37]} d6 {[%clk 1:27:13]}
6. O-O {[%clk 1:24:36]} Nd7 {[%clk 1:27:36]} 7. b3 {[%clk 1:22:46]} a6
{[%clk 1:26:18]} 8. Nc3 {[%clk 1:20:28]} Rb8 {[%clk 1:26:21]} 9. a4
{[%clk 1:19:27]} O-O {[%clk 1:26:14]} 10. Ba3 {[%clk 1:06:58]} c5
{[%clk 1:25:55]} 11. Rc1 {[%clk 0:59:37]} Nc6 {[%clk 1:22:00]} 12. Ne4
{[%clk 0:57:09]} Qe7 {[%clk 1:20:38]} 13. dxc5 {[%clk 0:55:29]} dxc5
{[%clk 1:20:23]} 14. Qd6 {[%clk 0:55:49]} Qxd6 {[%clk 1:15:32]} 15. Nxd6
{[%clk 0:56:16]} b6 {[%clk 1:14:26]} 16. Rfd1 {[%clk 0:53:09]} Nf6
{[%clk 1:13:49]} 17. Bb2 {[%clk 0:52:35]} Ne8 {[%clk 1:12:05]} 18. Bxg7
{[%clk 0:48:46]} Kxg7 {[%clk 1:12:13]} 19. e3 {[%clk 0:38:31]} Nf6
{[%clk 1:07:37]} 20. Ng5 {[%clk 0:32:27]} Na5 {[%clk 1:06:54]} 21. Rc3
{[%clk 0:26:44]} h6 {[%clk 0:59:04]} 22. Ngxf7 {[%clk 0:21:16]} Rxf7
{[%clk 0:58:47]} 23. Nxf7 {[%clk 0:21:44]} Kxf7 {[%clk 0:59:10]} 24. Rd8
{[%clk 0:22:12]} e5 {[%clk 0:49:29]} 25. Bh3 {[%clk 0:21:24]} Bxh3
{[%clk 0:48:41]} 26. Rxb8 {[%clk 0:21:51]} Nd7 {[%clk 0:49:08]} 27. Rh8
{[%clk 0:19:14]} e4 {[%clk 0:43:51]} 28. Rxh6 {[%clk 0:18:30]} Bg4
{[%clk 0:41:50]} 29. Rh7+ {[%clk 0:18:25]} Ke6 {[%clk 0:40:08]} 30. Rh8
{[%clk 0:09:21]} Bd1 {[%clk 0:35:08]} 31. Ra8 {[%clk 0:09:40]} Bxb3
{[%clk 0:32:42]} 32. Rxa6 {[%clk 0:09:41]} Bd1 {[%clk 0:27:00]} 33. Ra8
{[%clk 0:07:42]} Ne5 {[%clk 0:25:37]} 34. Re8+ {[%clk 0:05:45]} Kf6
{[%clk 0:25:50]} 35. Rd8 {[%clk 0:05:36]} Bxa4 {[%clk 0:22:46]} 36. Rd6+
{[%clk 0:06:04]} Kf5 {[%clk 0:21:14]} 37. Rxb6 {[%clk 0:06:32]} Naxc4
{[%clk 0:20:14]} 38. Rb8 {[%clk 0:06:57]} Ke6 {[%clk 0:18:49]} 39. Rc8
{[%clk 0:05:57]} Kd6 {[%clk 0:18:26]} 40. Ra8 {[%clk 0:06:13]} Bd7
{[%clk 0:16:48]} 41. Ra6+ {[%clk 0:05:37]} Kd5 {[%clk 0:14:40]} 42. h4
{[%clk 0:00:48]} Nd6 {[%clk 0:12:32]} 43. Kg2 {[%clk 0:17:17]} c4
{[%clk 0:42:16]} 44. g4 {[%clk 0:12:32]} Bxg4 {[%clk 0:41:56]} 45. Kg3
{[%clk 0:13:00]} Bh5 {[%clk 0:40:40]} 46. Ra5+ {[%clk 0:11:48]} Ke6
{[%clk 0:41:04]} 47. Ra6 {[%clk 0:11:38]} Kd7 {[%clk 0:40:40]} 48. Ra5
{[%clk 0:10:38]} Nc6 {[%clk 0:38:22]} 49. Ra6 {[%clk 0:10:41]} Be2
{[%clk 0:37:43]} 50. Kf4 {[%clk 0:09:25]} Nb5 {[%clk 0:36:07]} 51. Rc2
{[%clk 0:08:06]} Bd3 {[%clk 0:33:38]} 52. Rc1 {[%clk 0:08:35]} c3
{[%clk 0:32:54]} 53. Rb6 {[%clk 0:06:12]} Nc7 {[%clk 0:30:20]} 54. Rxc6
{[%clk 0:05:48]} Nd5+ {[%clk 0:30:00]} 55. Kg5 {[%clk 0:06:16]} Kxc6
{[%clk 0:30:21]} 56. Kxg6 {[%clk 0:06:40]} c2 {[%clk 0:22:13]} 57. h5
{[%clk 0:06:47]} Nf4+ {[%clk 0:20:48]} 58. Kg5 {[%clk 0:06:06]} Nxh5
{[%clk 0:20:11]} 59. Kxh5 {[%clk 0:06:33]} Kd5 {[%clk 0:20:19]} 60. Kh4
{[%clk 0:06:24]} Kc4 {[%clk 0:20:41]} 61. Kg3 {[%clk 0:06:46]} Kc3
{[%clk 0:21:10]} 62. f3 {[%clk 0:07:06]} Kd2 {[%clk 0:21:29]} 63. Rxc2+
{[%clk 0:07:28]} Bxc2 {[%clk 0:21:53]} 64. fxe4 {[%clk 0:07:52]} Bxe4
{[%clk 0:22:21]} 1/2-1/2

[Event "GM/IM 2015 Chess House"]
[Site "?"]
[Date "2015.02.11"]
[Round "6.7"]
[White "Percivaldi, Martin"]
[Black "Bækgaard, Martin"]
[Result "1-0"]
[LiveChessVersion "1.4.2"]
[BlackElo "2314"]
[WhiteElo "2337"]

1. d4 {[%clk 1:30:57]} Nf6 {[%clk 1:30:52]} 2. c4 {[%clk 1:31:18]} e6
{[%clk 1:31:08]} 3. g3 {[%clk 1:31:32]} d5 {[%clk 1:31:33]} 4. Nf3
{[%clk 1:31:52]} dxc4 {[%clk 1:31:19]} 5. Bg2 {[%clk 1:32:13]} Bb4+
{[%clk 1:31:13]} 6. Nbd2 {[%clk 1:31:23]} O-O {[%clk 1:06:15]} 7. Qc2
{[%clk 1:31:42]} Nc6 {[%clk 0:54:50]} 8. Qxc4 {[%clk 1:31:54]} e5
{[%clk 0:41:10]} 9. dxe5 {[%clk 1:26:45]} Ng4 {[%clk 0:39:57]} 10. O-O
{[%clk 1:20:45]} Re8 {[%clk 0:37:12]} 11. Nb3 {[%clk 1:17:29]} Be6
{[%clk 0:30:49]} 12. Qc2 {[%clk 1:16:05]} Bxb3 {[%clk 0:24:29]} 13. Qxb3
{[%clk 1:16:03]} a5 {[%clk 0:23:23]} 14. a3 {[%clk 1:13:22]} Bc5 {[%clk 0:22:06]}
15. Qc4 {[%clk 1:13:02]} Bxf2+ {[%clk 0:22:22]} 16. Rxf2 {[%clk 1:12:53]} Nxf2
{[%clk 0:22:46]} 17. Kxf2 {[%clk 1:13:13]} Qd1 {[%clk 0:21:50]} 18. b3
{[%clk 1:09:05]} a4 {[%clk 0:21:51]} 19. b4 {[%clk 1:08:25]} Rad8
{[%clk 0:20:37]} 20. Bb2 {[%clk 1:08:17]} Qb3 {[%clk 0:20:42]} 21. Qxb3
{[%clk 1:07:10]} axb3 {[%clk 0:21:06]} 22. Rc1 {[%clk 1:06:55]} Rd5
{[%clk 0:20:30]} 23. e4 {[%clk 1:03:55]} Rd7 {[%clk 0:19:31]} 24. Bh3
{[%clk 1:04:09]} Rd3 {[%clk 0:19:03]} 25. Bf1 {[%clk 1:04:25]} 1-0

[Event "GM/IM 2015 Chess House"]
[Site "?"]
[Date "2015.02.11"]
[Round "6.8"]
[White "Frisk, Ellinor"]
[Black "Petri, Tom"]
[Result "1/2-1/2"]
[LiveChessVersion "1.4.2"]
[BlackElo "2359"]
[WhiteElo "2262"]

1. e4 {[%clk 1:29:42]} g6 {[%clk 1:30:48]} 2. d4 {[%clk 1:29:43]} Bg7
{[%clk 1:31:12]} 3. Nc3 {[%clk 1:30:03]} a6 {[%clk 1:31:17]} 4. f4
{[%clk 1:30:09]} d5 {[%clk 1:28:27]} 5. Nxd5 {[%clk 1:30:23]} e6 {[%clk 1:27:16]}
6. Ne3 {[%clk 1:30:32]} Qxd4 {[%clk 1:27:18]} 7. Qxd4 {[%clk 1:30:55]} Bxd4
{[%clk 1:27:41]} 8. Nf3 {[%clk 1:31:14]} Bg7 {[%clk 1:26:04]} 9. e5
{[%clk 1:30:18]} Ne7 {[%clk 1:24:31]} 10. Bd2 {[%clk 1:17:46]} Nbc6
{[%clk 1:20:27]} 11. O-O-O {[%clk 1:17:05]} Bd7 {[%clk 1:17:26]} 12. g3
{[%clk 1:14:26]} O-O-O {[%clk 1:08:23]} 13. Bg2 {[%clk 1:12:59]} h6
{[%clk 1:07:14]} 14. h4 {[%clk 1:10:06]} Nf5 {[%clk 1:04:19]} 15. Nxf5
{[%clk 1:08:53]} gxf5 {[%clk 1:00:33]} 16. Be3 {[%clk 1:07:38]} Bf8
{[%clk 0:55:27]} 17. Nd2 {[%clk 0:50:17]} Rg8 {[%clk 0:53:22]} 18. Bf2
{[%clk 0:49:55]} Nb4 {[%clk 0:52:17]} 19. a3 {[%clk 0:49:13]} Bc6
{[%clk 0:52:33]} 20. Bxc6 {[%clk 0:47:37]} Nxc6 {[%clk 0:52:57]} 21. Nb3
{[%clk 0:47:16]} b6 {[%clk 0:49:03]} 22. Rhe1 {[%clk 0:42:11]} Be7
{[%clk 0:47:46]} 23. Rxd8+ {[%clk 0:38:37]} Rxd8 {[%clk 0:44:56]} 24. Rd1
{[%clk 0:38:54]} Rxd1+ {[%clk 0:43:36]} 25. Kxd1 {[%clk 0:39:23]} h5
{[%clk 0:43:23]} 26. Nc1 {[%clk 0:34:01]} Kd7 {[%clk 0:38:48]} 27. Nd3
{[%clk 0:31:43]} Na5 {[%clk 0:35:41]} 28. a4 {[%clk 0:28:50]} Nc4
{[%clk 0:30:47]} 29. Ke2 {[%clk 0:24:13]} Na5 {[%clk 0:28:39]} 30. Nc1
{[%clk 0:20:08]} Nc6 {[%clk 0:28:08]} 31. b3 {[%clk 0:19:21]} Nb4
{[%clk 0:26:13]} 32. Kd2 {[%clk 0:16:56]} Nd5 {[%clk 0:23:47]} 33. Ne2
{[%clk 0:16:08]} Ba3 {[%clk 0:17:29]} 34. Bd4 {[%clk 0:14:44]} Bb4+
{[%clk 0:15:17]} 35. c3 {[%clk 0:13:29]} Be7 {[%clk 0:15:29]} 36. Bf2
{[%clk 0:10:02]} Bf8 {[%clk 0:08:04]} 37. Kd3 {[%clk 0:09:28]} Be7
{[%clk 0:05:39]} 38. Bd4 {[%clk 0:08:16]} Bf8 {[%clk 0:03:29]} 39. Kc4
{[%clk 0:07:12]} Ne7 {[%clk 0:02:12]} 40. Kd3 {[%clk 0:05:51]} Nc6
{[%clk 0:01:41]} 41. Bf2 {[%clk 0:02:16]} Be7 {[%clk 0:27:04]} 42. Kc2
{[%clk 0:30:51]} Bf8 {[%clk 0:24:33]} 43. Kd3 {[%clk 0:29:45]} 1/2-1/2